000 00622nam a2200181 a 4500
001 000015887
005 20200929164205.0
008 100222s1983 dr 000 0 spa d
040 _aDO-SdBNP
_bspa
_cBNPHU
082 _axxx
_bR426d
110 1 _aRepública Dominicana.
_bInstituto de Capacitación Tributaria (INCAT).
_935765
245 1 3 _aLa doble imposición internacuional /
_cpresentación Luís Naut.
260 _aSanto Domingo :
_bSecretarías de Estado de Finanzas,
_c1983.
300 _a144 p. ;
_c27 cm.
500 _aManuales de capacitación y adiestramiento.
700 1 _aNaut, Luis
_922075
049 _aBNPD
999 _c15429
_d15429